<?xml version="1.0" encoding="UTF-8"?>
<marc:record xmlns:marc="http://www.loc.gov/MARC21/slim">
   <marc:leader>00000nam a2200000 a 4500</marc:leader>
   <marc:datafield ind1="1" ind2=" " tag="100">
      <marc:subfield code="a">Zeland, Vadim</marc:subfield>
      <marc:subfield code="4">aut</marc:subfield>
      <marc:subfield code="e">Verfasser/-in</marc:subfield>
   </marc:datafield>
   <marc:datafield ind1="0" ind2="0" tag="245">
      <marc:subfield code="a">TransSurfing</marc:subfield>
   </marc:datafield>
   <marc:datafield ind1="0" ind2="0" tag="245">
      <marc:subfield code="c">Vadim Zeland. Aus dem Russ. von Helmut Kunkel</marc:subfield>
   </marc:datafield>
   <marc:datafield ind1=" " ind2="1" tag="264">
      <marc:subfield code="a">Güllesheim</marc:subfield>
      <marc:subfield code="b">Silberschnur</marc:subfield>
      <marc:subfield code="c">2007</marc:subfield>
   </marc:datafield>
   <marc:datafield ind1=" " ind2=" " tag="250">
      <marc:subfield code="a">2. Aufl.</marc:subfield>
   </marc:datafield>
   <marc:datafield ind1="1" ind2=" " tag="520">
      <marc:subfield code="a">Angaben aus der Verlagsmeldung

TransSurfing II : Das Praxisbuch / von Vadim Zeland

Ging es in Band 1 von »Transsurfing« darum, die grundlegenden Erkenntnisse zur Steuerung der Realität kennen zu lernen, behandelt dieser neue Band 2 die praktischen Anwendungen dieser Einsichten, um so dem eigenen Leben Ziele zu setzen und diese auch zu erreichen.
Aus dem Inhalt:
• Warum bleiben unsere Wünsche und Träume
unerfüllt?
• Wie können wir zwischen Traum und Realität
unterscheiden?
• Magische Kräfte, die tief in unserem Innern
schlummern
• Unser Schutzengel und seine Aufgabe

Die Realität dem eigenen Willen zu unterwerfen ist
kein einfaches Unterfangen. In »Transsurfing« geht es nicht darum, nach etwas zu streben, sondern es einfach zu bekommen, nicht darum, sich zu ändern, sondern zu sich selbst zurückzukehren. Und dieses erfolgreiche russische Buch zeigt den Weg!
</marc:subfield>
   </marc:datafield>
   <marc:datafield ind1=" " ind2=" " tag="020">
      <marc:subfield code="a">9783898452014</marc:subfield>
      <marc:subfield code="9">9783898452014</marc:subfield>
   </marc:datafield>
   <marc:datafield ind1=" " ind2=" " tag="020">
      <marc:subfield code="a">3898452018</marc:subfield>
      <marc:subfield code="9">3898452018</marc:subfield>
   </marc:datafield>
   <marc:datafield ind1=" " ind2=" " tag="041">
      <marc:subfield code="a">ger</marc:subfield>
   </marc:datafield>
   <marc:datafield ind1=" " ind2=" " tag="300">
      <marc:subfield code="a">237 S.</marc:subfield>
   </marc:datafield>
</marc:record>
